| 000 | 00506nam a22001697a 4500 | ||
|---|---|---|---|
| 999 |
_c8974 _d8974 |
||
| 008 | 210308b ||||| |||| 00| 0 eng d | ||
| 040 | _aBMS College of Architecture | ||
| 100 | _aGandhi, Zahabia | ||
| 245 | _aThe urban Jail Dharwad | ||
| 300 | _aNA | ||
| 500 | _a1BM08AT066 | ||
| 502 |
_8B.Arch _NBMS College of Architecture, Visvesvaraya Technological University (VTU) _aProject report _d2013 |
||
| 650 | _aDharwad | ||
| 700 |
_aVaseem A S _eGuide |
||
| 700 |
_aSathish S Rao _eGuide |
||
| 942 |
_2ddc _cTHE |
||